Hniezdenie lastovičky obyčajnej (Hirundo rustica) v Bratislave Rusovciach

Bibliographic Details
Main Authors: Országhová, Zlatica, 1955- (Author), Benická, Vanda (Author), Molnár, Branislav, 1969- (Author)
Format: Article
Language:Slovak
PhysicalDescription:Tab. 1, res. franc.
ISBN:8085453053
Subjects:

MARC

LEADER 00000nab a2200000 a 4500
001 vtls000475434
003 SK-MaSNL
005 20260303004231.0
008 120926c1992 xo 0 slo
015 |a SNBRA19rr/mm-uuuuu 
035 |a CL0475568 
040 |a SNKBUCL  |b slo  |c SNKBUCL  |e AACR2 
041 0 |a slo 
044 |a xo  |c SK 
080 |a 598.812:591.563  |2 1981 
080 |a 591.563  |2 1981 
100 1 |a Országhová, Zlatica,  |d 1955-  |4 aut  |9 87488 
245 1 0 |a Hniezdenie lastovičky obyčajnej (Hirundo rustica) v Bratislave Rusovciach  |c Zlatica Országhová, Vanda Benická, Branislav Molnár 
300 |b Tab. 1, res. franc. 
650 0 7 |a lastovička obyčajná  |2 SNKPH  |9 100314 
650 0 7 |a hniezdenie  |2 SNKPH  |9 19896 
651 7 |a 5201  |2 snkbucl  |9 277970 
651 7 |a Rusovce (Bratislava V, Slovensko)  |2 SNKPHgeo  |9 16342 
655 7 |a články zo zborníkov  |2 SNKPH  |9 166140 
700 1 |a Benická, Vanda  |4 aut  |9 646246 
700 1 |a Molnár, Branislav,  |d 1969-  |4 aut  |9 37095 
773 0 |t Tichodroma  |d Bratislava : Slov. ornit. spol., 1992  |g S. 141-142  |z 8085453053 
850 |a Slovenská národná knižnica v Martine  |a MTA001 
852 |a SNK  |b KIS3GCP 
958 |a RK 
992 |a RZB 
999 |c 1576713  |d 1578643